[Event "Pontevedra op-B 6th"]
[Site "Pontevedra"]
[Date "2018.08.13"]
[Round "8"]
[White "Costas Senlle, Noa"]
[Black "Lopez Otero, Brais"]
[Result "1/2-1/2"]
[WhiteElo "1125"]
[BlackElo "1360"]
[PlyCount "97"]
[EventDate "2018.08.08"]
[EventType "swiss"]
[EventRounds "9"]
[EventCountry "ESP"]
[SourceTitle "CBM 186 Extra"]
[Source "ChessBase"]
[SourceDate "2018.08.24"]
[SourceVersion "1"]
[SourceVersionDate "2018.08.24"]
[SourceQuality "1"]

1. e4 e5 2. Nf3 Nc6 3. d4 exd4 4. Nxd4 Nf6 5. Nxc6 bxc6 6. Bd3 d5 7. exd5 Qxd5 8. 0-0 Be7 9. Nc3 Qd8 10. Re1 0-0 11. Be3 Bb4 12. Bd4 Ba5 13. Bc5 Re8 14. Qd2 Rxe1+ 15. Rxe1 Be6 16. Re3 Bb6 17. Bxb6 cxb6 18. Rg3 g6 19. Qg5 Qd4 20. h3 Re8 21. Qe3 Qh4 22. Qg5 Qxg5 23. Rxg5 Nd5 24. Nxd5 Bxd5 25. Rg4 Re1+ 26. Kh2 Ra1 27. Ra4 Rxa2 28. Rxa2 Bxa2 29. b3 a5 30. Bc4 c5 31. Bd3 a4 32. bxa4 Kf8 33. Kg3 Ke7 34. Kf4 Kf6 35. Ke4 h6 36. Ke3 Ke5 37. Kd2 Bd5 38. g3 c4 39. Be2 Kd4 40. c3+ Kc5 41. Ke3 Bc6 42. Bd1 g5 43. f4 f6 44. fxg5 hxg5 45. h4 Kd6 46. Be2 Bxa4 47. Bxc4 Ke5 48. h5 f5 49. h6 1/2-1/2

[Event "Pontevedra op-B 6th"]
[Site "Pontevedra"]
[Date "2018.08.08"]
[Round "1"]
[White "Lopez Otero, Brais"]
[Black "Ferreiro Solla, Pablo"]
[Result "0-1"]
[WhiteElo "1360"]
[BlackElo "1820"]
[PlyCount "206"]
[EventDate "2018.08.08"]
[EventType "swiss"]
[EventRounds "9"]
[EventCountry "ESP"]
[SourceTitle "CBM 186 Extra"]
[Source "ChessBase"]
[SourceDate "2018.08.24"]
[SourceVersion "1"]
[SourceVersionDate "2018.08.24"]
[SourceQuality "1"]

1. d4 d6 2. Nf3 g6 3. e4 Bg7 4. Nc3 a6 5. Be2 Nd7 6. Bf4 b5 7. a3 Bb7 8. 0-0 e6 9. e5 d5 10. b4 Ne7 11. Bd3 Nb6 12. a4 c6 13. a5 Nc4 14. Bxc4 bxc4 15. Na4 0-0 16. c3 Kh8 17. h3 Qc7 18. Nc5 Rae8 19. Ng5 Bc8 20. Qd2 Ng8 21. Rae1 Qd8 22. Nf3 h6 23. Nh2 f5 24. exf6 Qxf6 25. Bd6 Rf7 26. Ng4 Qd8 27. Ne5 Rf6 28. Bb8 Ne7 29. Ng4 Rff8 30. Be5 Nf5 31. Nxh6 Bxe5 32. Rxe5 Qh4 33. Nxf5 gxf5 34. Qe3 Rg8 35. Qf3 Rg6 36. Kh2 Reg8 37. Rg1 Rh6 38. Rge1 Rgg6 39. Na4 Qg5 40. Nb6 Bb7 41. Nd7 Kg8 42. R1e3 Bc8 43. Nb6 Bb7 44. Qg3 Qh5 45. Qf3 Qg5 46. g3 Rf6 47. Nd7 Rfg6 48. Qf4 Qxf4 49. gxf4 Bc8 50. Nb6 Bb7 51. Rg3 Kf7 52. Ree3 Rg8 53. Nd7 Rhh8 54. Ne5+ Kf6 55. Rg5 Bc8 56. Reg3 Rxg5 57. Rxg5 Re8 58. Rg6+ Ke7 59. Nxc6+ Kd6 60. Ne5 Re7 61. h4 Rh7 62. Kh3 Bd7 63. Rg8 Bb5 64. Ng6 Ba4 65. Ne5 Bb5 66. Rd8+ Ke7 67. Rb8 Kf6 68. Rb6 Rg7 69. Nf3 Rg4 70. Ng5 Rxf4 71. Rxe6+ Kg7 72. Rxa6 Rxf2 73. Rd6 Rc2 74. Rxd5 Rxc3+ 75. Kg2 Bc6 76. Ne6+ Kf6 77. Nf4 Rb3 78. Kf2 Bxd5 79. Nxd5+ Ke6 80. Ne3 Rxb4 81. Ke2 Rb2+ 82. Kd1 c3 83. d5+ Kf6 84. d6 Rd2+ 85. Kc1 Rxd6 86. Kc2 Rc6 87. Nd5+ Ke5 88. Nb4 Rc4 89. Nd3+ Kd4 90. h5 Ra4 91. Nc1 Kc4 92. Ne2 Ra2+ 93. Kd1 Rxa5 94. Nc1 f4 95. h6 Rh5 96. Ne2 f3 97. Nf4 Rxh6 98. Kc2 Rh2+ 99. Kd1 f2 100. Ke2 c2 101. Nd3 f1Q+ 102. Kxf1 Kxd3 103. Ke1 c1Q# 0-1

[Event "Gallego-ch U18"]
[Site "Viveiro"]
[Date "2017.02.26"]
[Round "3"]
[White "Suarez Rozas, David"]
[Black "Lopez Otero, Brais"]
[Result "1-0"]
[WhiteElo "1411"]
[BlackElo "1291"]
[PlyCount "101"]
[EventDate "2017.02.25"]
[EventType "swiss"]
[EventRounds "8"]
[EventCountry "ESP"]
[SourceTitle "EXT 2024"]
[Source "ChessBase"]
[SourceDate "2023.10.10"]
[SourceVersion "1"]
[SourceVersionDate "2023.10.10"]
[SourceQuality "1"]

1. e4 e5 2. Nf3 Nc6 3. Bb5 d6 4. d4 exd4 5. Nxd4 Bd7 6. Bxc6 bxc6 7. 0-0 Nf6 8. Re1 Be7 9. c4 0-0 10. Nc3 Re8 11. b3 a6 12. Bb2 Bf8 13. Qd3 Ng4 14. Nf3 Ne5 15. Nxe5 Rxe5 16. Ne2 Rg5 17. Ng3 Be7 18. Rad1 Qe8 19. e5 Rg6 20. f4 Bg4 21. f5 Rh6 22. Rd2 Bg5 23. Re4 Rd8 24. exd6 Qd7 25. Rxg4 Rxd6 26. Qc3 f6 27. Rxd6 Qxd6 28. Rxg5 Qc5+ 29. Kf1 Qe7 30. Rg4 Rd1+ 31. Kf2 Qc5+ 32. Rd4 Rb1 33. b4 Qe7 34. Re4 Qd7 35. Qd4 Qc8 36. Re1 Rxe1 37. Kxe1 Qf8 38. c5 Qb8 39. Qc4+ Kf8 40. a3 a5 41. Ne2 axb4 42. Qxb4 Qc8 43. Qe4 Qb7 44. Qb4 Qa7 45. Nd4 Qa8 46. Ne6+ Kf7 47. Nxc7 Qc8 48. Qb3+ Kf8 49. Ne6+ Kf7 50. Nd8+ Ke8 51. Qe6+ 1-0